National Assembly Library of Thailand

สร้างแอปพลิเคชันแบบมือโปรด้วย Next.js & ChatGPT / (ระเบียนเลขที่ 106849)

รายละเอียดในรูปแบบ MARC
000 -LEADER
fixed length control field 03079 a2200289 4500
003 - CONTROL NUMBER IDENTIFIER
control field NALT
005 - DATE AND TIME OF LATEST TRANSACTION
control field 20250905131511.0
008 - FIXED-LENGTH DATA ELEMENTS--GENERAL INFORMATION
fixed length control field 250612b th ||||| |||| 00| 0 tha d
020 ## - INTERNATIONAL STANDARD BOOK NUMBER
International Standard Book Number 9786164494671
040 ## - CATALOGING SOURCE
Original cataloging agency NALT
050 ## - LIBRARY OF CONGRESS CALL NUMBER
Classification number QA 76.76.A65
Item number จ575ส 2566
100 0# - MAIN ENTRY--PERSONAL NAME
Personal name จีราวุธ วารินทร์.
9 (RLIN) 35977
245 10 - TITLE STATEMENT
Title สร้างแอปพลิเคชันแบบมือโปรด้วย Next.js & ChatGPT /
Statement of responsibility, etc. จีราวุธ วารินทร์.
260 ## - PUBLICATION, DISTRIBUTION, ETC.
Place of publication, distribution, etc. นนทบุรี :
Name of publisher, distributor, etc. ธิงค์ บียอนด์ บุ๊คส์,
Date of publication, distribution, etc. 2566.
300 ## - PHYSICAL DESCRIPTION
Extent 548 หน้า :
Other physical details ภาพประกอบ ;
Dimensions 26 ซม.
505 0# - FORMATTED CONTENTS NOTE
Formatted contents note Part 1 Basic React for Next.js --<br/>บทที่ 1 แนะนำ Next.js -- <br/>บทที่ 2 คอมโพเนนต์และหน้าเว็บเพจ -- <br/>บทที่ 3 การกำหนดสไตล์และการใช้งาน Tailwind CSS -- <br/>บทที่ 4 การใช้งาน props -- <br/>บทที่ 5 พื้นฐานการใช้งาน state -- <br/>บทที่ 6 การใช้ฮุกในฟังก์ชันคอมโพเนนต์ -- <br/>บทที่ 7 พื้นฐานการใช้งาน Context API -- <br/>Part 2 Essential Next.js --<br/>บทที่ 8 การใช้งานเราท์ติ้งใน Next.js -- <br/>บทที่ 9 การกำหนด Layout และเมนูใน Next.js -- <br/>บทที่ 10 วิธี fetch ข้อมูลมาใช้ในคอมโพเนนต์ -- <br/>บทที่ 11 แบบฟอร์มและการใช้งาน Server Action -- <br/>บทที่ 12 Metadata และ Image -- <br/>บทที่ 13 Next.js กับฐานข้อมูล MongoDB--<br/>บทที่ 14 Route Handler ใน Next.js --<br/>บทที่ 15 ตัวอย่างการสร้างและใช้งาน API --<br/>บทที่ 16 การใช้งาน Middleware ใน Next.js --<br/>บทที่ 17 ยืนยันตัวตนโดยใช้ Next-Auth --<br/>Part 3 Create Project with ChatGPT --<br/>บทที่ 18 ChatGPT กับการพัฒนาโปรแกรม --<br/>บทที่ 19 เรียนรู้ Firebase ด้วย ChatGPT --<br/>บทที่ 20 การสั่ง Build และ Deploy แอปพลิเคชัน.
650 #4 - SUBJECT ADDED ENTRY--TOPICAL TERM
Topical term or geographic name entry element การเขียนโปรแกรมคอมพิวเตอร์
9 (RLIN) 523
650 #4 - SUBJECT ADDED ENTRY--TOPICAL TERM
Topical term or geographic name entry element โปรแกรมคอมพิวเตอร์
9 (RLIN) 36422
650 #4 - SUBJECT ADDED ENTRY--TOPICAL TERM
Topical term or geographic name entry element ปัญญาประดิษฐ์
General subdivision โปรแกรมคอมพิวเตอร์
9 (RLIN) 46356
650 #4 - SUBJECT ADDED ENTRY--TOPICAL TERM
Topical term or geographic name entry element แชทจีพีที
9 (RLIN) 65807
650 #0 - SUBJECT ADDED ENTRY--TOPICAL TERM
Topical term or geographic name entry element ChatGPT
9 (RLIN) 66230
942 ## - ADDED ENTRY ELEMENTS (KOHA)
Koha item type General Book
Source of classification or shelving scheme Library of Congress Classification
996 ## - STAFF PROCESSING RECORDS (NALT)
Staff name jidapa.t
Staff type ACQSTF
Acquisition or Cataloging date 2025-06-12
996 ## - STAFF PROCESSING RECORDS (NALT)
Staff name varee.k
Staff type LIBSTF
Acquisition or Cataloging date 2025-06-23
996 ## - STAFF PROCESSING RECORDS (NALT)
Staff name jamriang.p
Staff type CATSTF
Acquisition or Cataloging date 2025-07-15
998 ## - STAFF NAME (NALT)
-- 111
-- นางสาวพจพิณ พรมเอี่ยม
รายการที่มีในห้องสมุด
Withdrawn status Lost status Source of classification or shelving scheme Damaged status Not for loan Collection code Home library Current library Shelving location Date acquired Source of acquisition Total Checkouts Total Renewals Full call number Barcode Date last seen Date last checked out Price effective from Koha item type
    Library of Congress Classification     General Book collection National Assembly Library of Thailand National Assembly Library of Thailand General Book shelves 05/06/2025 192 2 1 QA 76.76.A65 จ575ส 2566 3961215385 12/09/2025 05/09/2025 05/06/2025 General Book
หอสมุดรัฐสภา
สำนักงานเลขาธิการสภาผู้แทนราษฎร เลขที่ 1111 ถนนสามเสน แขวงถนนนครไชยศรี เขตดุสิต กรุงเทพฯ 10300
The Secretariat of the House of Representatives 1111 Samsen Road, Thanon Nakhon Chai Si, Dusit, Bangkok 10300, THAILAND
โทรศัพท์: +66(0) 2242 5900 ต่อ 5714-5 โทรสาร: +66(0) 2242 5990 อีเมล: [email protected]